000 003280000a22001330004500
041 0 _aSPA
082 0 4 _aG 863 L979m
100 1 _aÁlvarez Gardeazábal, Gustavo (1945-)
245 1 0 _aLos míos / Gustavo Álvarez Gardeazábal
260 _aBogotá, Colombia : Plaza y Janés
300 _a216 Pag
001 11020
942 _cBK
999 _c40393
_d40393